Turkish Cities Quiz - Statistics

General Stats
  • This quiz has been taken 115 times
  • The average score is 10 of 14
Answer Stats
Picture Answer % Correct
İstanbul
100%
Ankara
96%
İzmir
92%
Antalya
83%
Trabzon
77%
Bursa
72%
Konya
72%
Çanakkale
67%
Eskişehir
65%
Nevşehir
63%
Şanlıurfa
60%
Denizli
59%
Muğla
56%
Edirne
55%
No matching quizzes found
Score Distribution
Percent of People with Each Score
Percentile by Number Answered
Your Score History
You have not taken this quiz